|
|
|
|
| LEADER |
00000cam a2200000 a 4500 |
| 001 |
vtls008314799 |
| 003 |
SK-MaSNL |
| 005 |
20260301092720.0 |
| 008 |
230403s1961 xo l grnf 001 0 slo |
| 015 |
|
|
|a SNBA1962/02-00231
|
| 020 |
|
|
|q (viazané)
|
| 035 |
|
|
|a SK01SNK19620007016
|
| 035 |
|
|
|a urn:nbn:sk:snk-am3iich
|
| 035 |
|
|
|a 544F4DDB-9F6D-414A-B187-88E958530579
|
| 035 |
|
|
|a urn:nbn:sk:snk-am00ekck
|
| 035 |
|
|
|a SKM000009479
|
| 035 |
|
|
|a urn:nbn:sk:snk-am00fifl
|
| 035 |
|
|
|a 4E4AF55B-CFDA-4861-B963-1F80993F2206
|
| 040 |
|
|
|a SNK
|b slo
|c SNK
|e AACR2
|
| 041 |
0 |
|
|a slo
|
| 044 |
|
|
|a xo
|c SK
|a xr
|c CZ
|
| 080 |
|
|
|a 661.715/.716
|2 2011
|
| 080 |
|
|
|a 622.324.5
|2 2011
|
| 080 |
|
|
|a (035)
|2 2011
|
| 100 |
1 |
|
|a Hrušovský, Mikuláš,
|d 1916-2003
|4 aut
|9 57606
|
| 245 |
1 |
0 |
|a Chemické spracovanie uhľovodíkov zemného plynu
|c Mikuláš Hrušovský
|
| 250 |
|
|
|a Vydanie prvé
|
| 260 |
|
|
|a Bratislava
|b Slovenské vydavateľstvo technickej literatúry
|a Praha
|b Státní nakladatelství technické literatury
|c 1961
|e Brno
|f Tisk
|
| 300 |
|
|
|a 354 strán, 10 nečíslovaných strán obrazových príloh
|b schémy, tabuľky
|c 21 cm
|
| 366 |
|
|
|e 700 kusov
|
| 490 |
1 |
|
|a Edícia chemickej literatúry
|
| 504 |
|
|
|a Bibliografia na strane 338-341 ; bibliografiu ; poznámky ; register
|
| 650 |
0 |
7 |
|a zemný plyn
|2 SNKPH
|9 29458
|
| 650 |
0 |
7 |
|a uhľovodíky
|2 SNKPH
|9 4317
|
| 655 |
|
7 |
|a príručky
|2 SNKPH
|9 74364
|
| 830 |
|
0 |
|a Edícia chemickej literatúry
|9 276844
|
| 852 |
|
|
|a Slovenská národná knižnica
|
| 954 |
|
|
|a odborná, vedecká literatúra pôvodná (slovenská)
|2 lita
|
| 958 |
|
|
|a TL
|
| 958 |
|
|
|a RK
|
| 958 |
|
|
|a NB
|
| 958 |
|
|
|a OND
|
| 958 |
|
|
|a EUIPO
|
| 999 |
|
|
|c 674875
|d 676805
|
| 952 |
|
|
|a SNK
|b SNK
|y PREZ
|7 0
|p 17A0841706
|o snkSC 16109
|i snkKSP 525/62
|0 0
|1 0
|4 0
|d 2020-08-04
|f 1
|l 0
|r 2025-07-18 00:00:00
|w 2026-02-23
|
| 952 |
|
|
|a SNK
|b SNK
|y PREZ
|7 0
|p 17A1429580
|o snkSC 16109/príl.
|i snkKSP 525/62
|z listové prílohy
|0 0
|1 0
|4 0
|d 2020-08-11
|f 1
|l 0
|r 2025-07-18 00:00:00
|w 2026-02-23
|